| 000 | 00535nam a2200181Ia 4500 | ||
|---|---|---|---|
| 003 | GCL | ||
| 008 | 140319s9999 xx 000 0 ara d | ||
| 040 |
_aGCL / _cGCL |
||
| 082 | 0 | 4 |
_aم _b340.03 _bم م |
| 100 | 1 | _aمنصور القاضى | |
| 245 | 1 | 0 |
_aمعجم المصطلحات القانونية(2 مج) / _cمنصور القاضى |
| 700 | 1 | _aكورنو, جيرار | |
| 300 | _a981 ص | ||
| 650 | 0 | 4 | _aالمعاجم |
| 650 | 0 | 4 | _aالمعاجم المتخصصة |
| 650 | 0 | 4 | _aالقانون - معاجم |
| 942 |
_2ddc _cREF |
||
| 999 |
_c59715 _d59715 |
||